L'analyse des films (notice n° 1925225)
[ vue normale ]
| 000 -LEADER | |
|---|---|
| fixed length control field | 01308cam a2200157 4500500 |
| 005 - DATE AND TIME OF LATEST TRANSACTION | |
| control field | 20260329023153.0 |
| 041 ## - LANGUAGE CODE | |
| Language code of text/sound track or separate title | fre |
| 042 ## - AUTHENTICATION CODE | |
| Authentication code | dc |
| 100 10 - MAIN ENTRY--PERSONAL NAME | |
| Personal name | Aumont, Jacques |
| Relator term | author |
| 245 00 - TITLE STATEMENT | |
| Title | L'analyse des films |
| 260 ## - PUBLICATION, DISTRIBUTION, ETC. | |
| Name of publisher, distributor, etc. | Armand Colin,<br/> |
| Date of publication, distribution, etc. | 2020.<br/> |
| 520 ## - SUMMARY, ETC. | |
| Summary, etc. | Depuis sa première édition il y a 25 ans, l’Analyse des films est devenu un classique des études cinématographiques. Après avoir défini l’activité analytique, l’ouvrage présente successivement l’analyse du fait narratif et du récit, l’analyse plastique et sonore, et enfin le rapport à l’histoire. Jacques Aumont et Michel Marie y démontrent que l’analyse prend tout son sens si elle débouche sur une réflexion générale, qui dépasse le cas particulier de l’œuvre étudiée. Ils se sont efforcés de décrire et de commenter les meilleures analyses publiées en français et dans d’autres langues, et d’en retenir les acquis méthodologiques. Les divers outils d’analyse sont illustrés à l’aide de tableaux, de schémas ou de photogrammes, et portent sur des films puisés dans toute l’histoire du cinéma. |
| 700 10 - ADDED ENTRY--PERSONAL NAME | |
| Personal name | Marie, Michel |
| Relator term | author |
| 700 10 - ADDED ENTRY--PERSONAL NAME | |
| Personal name | Marié, Michel |
| Relator term | author |
| 856 41 - ELECTRONIC LOCATION AND ACCESS | |
| Uniform Resource Identifier | <a href="https://shs.cairn.info/l-analyse-des-films--9782200628208?lang=fr&redirect-ssocas=7080">https://shs.cairn.info/l-analyse-des-films--9782200628208?lang=fr&redirect-ssocas=7080</a> |
Pas d'exemplaire disponible.




Réseaux sociaux